02556nam0a22002651 4500001001100000005001700011021001900028035002600047100004100073101000800114102000700122105001800129200063100147210009000778215003600868327026500904464054901169606013301718702003001851702007301881710027101954801001802225801002202243852002502265rc\400315920260407172926.0 aRUb[56-39519] a(NLR Aleph) 008074419 a20130415d1956 |||y0rusy50 ca0 arus aRU aa z |||||1 aТруды Всесоюзного совещания по разработке унифицированной схемы стратиграфии мезозойских отложений Русской платформыeСозв. 3-10 февр. 1954 г. Геол. упр. М-ва нефт. пром-сти СССР, Всесоюз. нефт. науч.-исслед. геол.-развед. ин-том ВНИГРИ и Всесоюз. науч.-исслед. геол.-развед. нефт. ин-том ВНИГНИf[Ред. коллегия: Р.И. Вялова, Д.В. Дробышев (гл. ред.) и др.] aЛенинградcГостоптехиздат. Ленингр. отд-ниеd1956 a383 с., 2 л. табл.cил.0 aВ прил.: Справочно-пыльцевые комплексы из мезозойских отложений юго-вост. районов Русской платформы (Эмба и Зап. Приуралье) / В.С. Малявкина 012001#$aСправочно-пыльцевые комплексы из мезозойских отложений юго-восточных районов Русской платформы (Эмба и Западное Приуралье)1700#1$aМалявкина$bВ.С.tСправочно-пыльцевые комплексы из мезозойских отложений юго-восточных районов Русской платформы (Эмба и Западное Приуралье)aМалявкина, В.С. aМезозойские отложенияxСтратиграфияyРусская платформаjСборники2psbo 1aВяловаbР.И.4340 1aДробышевbД.В.gДмитрий Васильевич434012aВсесоюзное совещание по разработке унифицированной схемы стратиграфии мезозойских отложений Русской платформыf1954eЛенинград3RU\NLR\AUTH\8810109798 0aRUbNLRgpsbo 1aRUbELAR2rusmarc aNLRjГн02 Г-7/258